| 000 | 02011nam0a2200373 4500 | ||
|---|---|---|---|
| 001 | RU\NLR\BIBL_A\012182649 | ||
| 005 | 20200128165138.0 | ||
| 010 |
_a978-5-17-119063-7 _93000 |
||
| 021 |
_aRU _bКН-П-19-095258 _9КН-П-19-6981 |
||
| 035 | _a(NLR Aleph) 012182649 | ||
| 035 | _a(RuMoRGB)010198040 | ||
| 090 |
_a12284380 _c12284380 |
||
| 100 | _a20200120d2019 d y0rusy50 ca | ||
| 101 | 0 | _arus | |
| 102 | _aRU | ||
| 105 | _aa|||z|||000ay | ||
| 181 | 0 |
_ai _baxxe |
|
| 182 | 0 | _an | |
| 200 | 1 |
_aРассказы для детей _e[для среднего школьного возраста] _fА. Аверченко, М. Зощенко, Н. Тэффи _g[художник: А. Андреев и др.] |
|
| 203 |
_aТекст _bвизуальный _cнепосредственный |
||
| 210 |
_aМосква _cАСТ _d2019 |
||
| 215 |
_a238, [1] с. _cцв. ил. _d22 |
||
| 327 | 0 | _aСодерж.: Экзаменационная задача; Индейская хитрость; Серёжкин рубль и [др.] / Аркадий Аверченко. Кишмиш; приготовишка; Чёртик в баеночке [и др.] / Надежда Тэффи. Елка; Золотые слова; Галоши и мороженое; Бабушкин подарок [и др.] / Михаил Зощенко | |
| 686 | 0 | _aШ9(2)62=Р7-4я43 | |
| 700 | 1 |
_aАверченко _bА. Т. _f1881-1925 _gАркадий Тимофеевич _3RU\NLR\AUTH\7711620 |
|
| 701 | 1 |
_aЗощенко _bМ. М. _f1894-1958 _gМихаил Михайлович _3RU\NLR\AUTH\7710334 |
|
| 701 | 1 |
_aТэффи _bН. А. _f1872-1952 _gНадежда Александровна _3RU\NLR\AUTH\779565 |
|
| 702 | 1 |
_aАндреев _bА. С. _cхудожник _f1946- _gАлександр Семенович _3RU\NLR\AUTH\7766741 _4040 |
|
| 942 | _cBOOK | ||
| 980 | _aNBR | ||
| 980 | _aNB | ||